000 00495nam a2200217Ia 4500
003 OSt
005 20220924152746.0
006 a|||||r|||| 00| 0
007 ta
008 220923b |||||||| |||| 00| 0 guj d
024 _a344288
037 _cTextual
040 _aARTS
_cARTS
_bguj
041 _2guj
_aguj
082 _aO156,6:g, L9
245 0 _aParidhi
260 _c1979
300 _a299p.
_ccm.
942 _hO156,6:g, L9
_cTEXL
_2CC
999 _c470884
_d470884